| 000 | 01872na a2200445 4500 | ||
|---|---|---|---|
| 001 | 19420 | ||
| 003 | MIRAKIL | ||
| 005 | 20181213155131.0 | ||
| 008 | 161214b tu 000 0 | ||
| 035 | _a19420 | ||
| 040 |
_aMilas _btur _cTR-AnCHP |
||
| 041 | _atur | ||
| 082 |
_aCHP 324.2372 _bK44h 2015 |
||
| 090 | _aBROŞÜR 113 | ||
| 100 |
_aKılıçdaroğlu, Kemal _cCHP Genel Başkanı |
||
| 240 |
_aHerkes için CHP _f2015 _kHerkes rahat bir nefes alacak |
||
| 245 |
_aHerkes için CHP _bKOBİ'ler ekonominin gücü olacak. Herkes rahat bir nefes alacak _c[Kemal Kılıçdaroğlu] |
||
| 246 | _aHerkes rahat bir nefes alacak | ||
| 246 | _aKOBİ'ler ekonominin gücü olacak. Herkes rahat bir nefes alacak | ||
| 260 |
_aAnkara _bCHP _c2015 |
||
| 300 |
_abroşür _c20 sm. |
||
| 440 |
_aCumhuriyet Halk Partisi yayınları _pHerkes için CHP dizisi _pHerkes rahat bir nefes alacak dizisi |
||
| 500 | _a"KOBİ'ler için : KOBİ'ler ekonominin gücü olacak. Herkes rahat bir nefes alacak" | ||
| 600 |
_aKılıçdaroğlu, Kemal _cCHP Genel Başkanı _xPropaganda ve ideolojiler _yEkonomi |
||
| 600 |
_aKılıçdaroğlu, Kemal _xSeçim kampanyaları, 2015 _yKobiler |
||
| 610 |
_aCHP _xPropaganda ve ideolojiler _yGenel seçimler, 2015 |
||
| 610 |
_aCHP _xSeçim kampanyaları, 2015 _yKobiler |
||
| 610 |
_aCHP _xSiyaset ve yönetim _yKılıçdaroğlu dönemi |
||
| 651 |
_aTürkiye _xSiyaset ve yönetim _y2015- |
||
| 657 | _aCHP seçim propagandaları | ||
| 657 | _aCHP seçim kampanyaları | ||
| 657 | _aHerkes rahat bir nefes alacak kampanyası | ||
| 657 | _aHerkes için CHP kampanyası | ||
| 740 | _aKOBİ'ler :KOBİ'ler ekonominin gücü olacak. Herkes rahat bir nefes alacak | ||
| 830 | _aHerkes rahat bir nefes alacak dizisi | ||
| 830 | _aHerkes için CHP dizisi | ||
| 830 | _aCHP broşürleri | ||
| 942 |
_2dcc _cBKS |
||
| 999 |
_c7222 _d7222 |
||